Central Library OPAC University of Rajshahi

Decision power with supersheets / (Record no. 15680)

MARC details
000 -LEADER
fixed length control field 00796cam a2200265 a 4500
001 - CONTROL NUMBER
control field 15680
003 - CONTROL NUMBER IDENTIFIER
rucl marc code BD-RjUL
005 - DATE AND TIME OF LATEST TRANSACTION
control field 20211208235851.0
008 - FIXED-LENGTH DATA ELEMENTS--GENERAL INFORMATION
fixed length control field 140210s1986 ilua b 001 0 eng
020 ## - INTERNATIONAL STANDARD BOOK NUMBER
International Standard Book Number 087094679X (pbk.)
035 ## - SYSTEM CONTROL NUMBER
System control number (BD-RjUL)15735
040 ## - CATALOGING SOURCE
Original cataloging agency DLC
Transcribing agency DLC
Modifying agency BD-RjUL
Language of cataloging eng
041 ## - LANGUAGE CODE
Language code of text/sound track or separate title eng
082 00 - DEWEY DECIMAL CLASSIFICATION NUMBER
Classification number 658.403028
Edition number 19
Author mark and year CAD 1986
100 1# - MAIN ENTRY--PERSONAL NAME
Personal name Carroll, T. Owen.
9 (RLIN) 48664
245 10 - TITLE STATEMENT
Title Decision power with supersheets /
Statement of responsibility, etc. T. Owen Carroll.
260 ## - PUBLICATION, DISTRIBUTION, ETC. (IMPRINT)
Place of publication, distribution, etc. Homewood, Ill. :
Name of publisher, distributor, etc. Dow Jones-Irwin,
Date of publication, distribution, etc. c1986.
300 ## - PHYSICAL DESCRIPTION
Pagination xiii, 269 p. :
Illustrations ill. ;
Size 26 cm.
504 ## - BIBLIOGRAPHY, ETC. NOTE
Bibliography, etc Includes bibliographies and index.
650 #0 - SUBJECT ADDED ENTRY--TOPICAL TERM
Topical term or geographic name as entry element Decision making
General subdivision Data processing.
9 (RLIN) 20783
Topical term or geographic name as entry element Electronic spreadsheets.
9 (RLIN) 48665
942 ## - ADDED ENTRY ELEMENTS (KOHA)
Source of classification or shelving scheme Dewey Decimal Classification
Koha item type Books
Holdings
Lost status Source of classification or shelving scheme Damaged status Not for loan Collection code Permanent Location Current Location Shelving location Date acquired Source of acquisition Total Checkouts Full call number Date last seen Copy number Koha item type
  Dewey Decimal Classification   Not For Loan Non-fiction Central Library, University of Rajshahi Central Library, University of Rajshahi Reading Room 29/05/1988 Asia Foundation   658.403028 CAD 1986 10/02/2014 C-1 Books
  Dewey Decimal Classification     Non-fiction Central Library, University of Rajshahi Central Library, University of Rajshahi   29/05/1988 Asia Foundation , Sanfrancisco, California U.S.A.   658.403028 CAD 1986 28/07/2019 C-2 Books